Kể chuyện Trạng nguyên Việt Nam

Những câu chuyện về chân dung, cuộc đời, thân thế cùng một số giai thoại về các vị Trạng nguyên Việt Nam

সংরক্ষণ করুন:
গ্রন্থ-পঞ্জীর বিবরন
বিন্যাস: গ্রন্থ
ভাষা:Undetermined
প্রকাশিত: Hà Nội Văn học 2018
বিষয়গুলি:
ট্যাগগুলো: ট্যাগ যুক্ত করুন
কোনো ট্যাগ নেই, প্রথমজন হিসাবে ট্যাগ করুন!
Thư viện lưu trữ: Trung tâm Học liệu Trường Đại học Cần Thơ
LEADER 00752nam a2200217Ia 4500
001 CTU_238581
008 210402s9999 xx 000 0 und d
020 |c 90000 
082 |a 370.9597 
082 |b K250 
245 0 |a Kể chuyện Trạng nguyên Việt Nam 
245 0 |c Bảo An (Biên soạn) 
260 |a Hà Nội 
260 |b Văn học 
260 |c 2018 
520 |a Những câu chuyện về chân dung, cuộc đời, thân thế cùng một số giai thoại về các vị Trạng nguyên Việt Nam 
650 |a Giáo dục,Education 
650 |x Lịch sử,History 
650 |z Việt Nam,Vietnam 
910 |b nthai 
980 |a Trung tâm Học liệu Trường Đại học Cần Thơ